000 00484nam a2200157 4500
001 136516
003 ES-MaACL
005 20230906195144.0
007 t|
008 070214s1946 ag r ||||1| spa d
100 1 _aSáenz Hayes, Ricardo.
_9101330
245 1 0 _aMiguel de Montaigne
_b: (1533-1592) /
_cRicardo Sènz Hayes.
260 _aBuenos Aires :
_bGuillermo Kraft,
_c1946.
300 _aXIV, 514 p., 1 lám. :
_b`retr. biog.` ;
_c27 cm.
852 _aES-MaACL
_jB-809
_bR.23843
999 _c136516
_d136516